<?xml version="1.0" encoding="UTF-8"?>
<record
    xmlns:xsi="http://www.w3.org/2001/XMLSchema-instance"
    xsi:schemaLocation="http://www.loc.gov/MARC21/slim http://www.loc.gov/standards/marcxml/schema/MARC21slim.xsd"
    xmlns="http://www.loc.gov/MARC21/slim">

  <leader>00966nam a22002297a 4500</leader>
  <controlfield tag="005">20170502101056.0</controlfield>
  <datafield tag="010" ind1=" " ind2=" ">
    <subfield code="a">1617EN</subfield>
  </datafield>
  <datafield tag="020" ind1=" " ind2=" ">
    <subfield code="c">565.00</subfield>
    <subfield code="a">9780198083542</subfield>
  </datafield>
  <datafield tag="035" ind1=" " ind2=" ">
    <subfield code="a">B-651599-607</subfield>
  </datafield>
  <datafield tag="035" ind1=" " ind2=" ">
    <subfield code="a">B-666222</subfield>
  </datafield>
  <datafield tag="037" ind1=" " ind2=" ">
    <subfield code="b">Pragati</subfield>
    <subfield code="a">dpl</subfield>
  </datafield>
  <datafield tag="082" ind1=" " ind2=" ">
    <subfield code="a">629.8043</subfield>
  </datafield>
  <datafield tag="100" ind1=" " ind2=" ">
    <subfield code="a">Kuo Bebjamin, C</subfield>
  </datafield>
  <datafield tag="245" ind1=" " ind2=" ">
    <subfield code="a">Digital control system /  </subfield>
    <subfield code="c"> by Bebjamin C.Kuo </subfield>
  </datafield>
  <datafield tag="250" ind1=" " ind2=" ">
    <subfield code="a">2nd ed.</subfield>
  </datafield>
  <datafield tag="260" ind1=" " ind2=" ">
    <subfield code="a">New Delhi</subfield>
    <subfield code="b">Oxford University Press</subfield>
    <subfield code="c">2016</subfield>
  </datafield>
  <datafield tag="270" ind1=" " ind2=" ">
    <subfield code="a">YMCA Library Building, 1, Jai Singh Road, </subfield>
    <subfield code="b">New Delhi</subfield>
    <subfield code="e">110001</subfield>
  </datafield>
  <datafield tag="300" ind1=" " ind2=" ">
    <subfield code="a">xx,751p. </subfield>
    <subfield code="c">24cm(pbk)</subfield>
    <subfield code="b"> illus.</subfield>
  </datafield>
  <datafield tag="942" ind1=" " ind2=" ">
    <subfield code="2">ddc</subfield>
    <subfield code="c">EN</subfield>
    <subfield code="h">629.8043</subfield>
    <subfield code="m">KUO</subfield>
  </datafield>
  <datafield tag="999" ind1=" " ind2=" ">
    <subfield code="c">101851</subfield>
    <subfield code="d">101851</subfield>
  </datafield>
  <datafield tag="952" ind1=" " ind2=" ">
    <subfield code="0">0</subfield>
    <subfield code="1">0</subfield>
    <subfield code="4">0</subfield>
    <subfield code="7">0</subfield>
    <subfield code="8">NFIC</subfield>
    <subfield code="a">L</subfield>
    <subfield code="b">L</subfield>
    <subfield code="d">2017-02-09</subfield>
    <subfield code="e">BPPD/EN/2016-17/300/24.11.2016/IN339/2.12.2016/4.1.2017</subfield>
    <subfield code="g">565.00</subfield>
    <subfield code="l">5</subfield>
    <subfield code="m">2</subfield>
    <subfield code="o">629.8043 KUO</subfield>
    <subfield code="p">B-651599</subfield>
    <subfield code="r">2021-05-05 00:00:00</subfield>
    <subfield code="s">2021-03-18</subfield>
    <subfield code="t">1</subfield>
    <subfield code="v">565.00</subfield>
    <subfield code="w">2017-02-09</subfield>
    <subfield code="y">EN</subfield>
  </datafield>
  <datafield tag="952" ind1=" " ind2=" ">
    <subfield code="0">0</subfield>
    <subfield code="1">0</subfield>
    <subfield code="4">0</subfield>
    <subfield code="7">0</subfield>
    <subfield code="8">NFIC</subfield>
    <subfield code="a">BL1</subfield>
    <subfield code="b">BL1</subfield>
    <subfield code="d">2017-02-09</subfield>
    <subfield code="e">BPPD/EN/2016-17/300/24.11.2016/IN339/2.12.2016/4.1.2017</subfield>
    <subfield code="g">565.00</subfield>
    <subfield code="l">0</subfield>
    <subfield code="o">629.8043 KUO</subfield>
    <subfield code="p">B-651600</subfield>
    <subfield code="r">2017-02-09 00:00:00</subfield>
    <subfield code="t">1</subfield>
    <subfield code="v">565.00</subfield>
    <subfield code="y">EN</subfield>
  </datafield>
  <datafield tag="952" ind1=" " ind2=" ">
    <subfield code="0">0</subfield>
    <subfield code="1">0</subfield>
    <subfield code="4">0</subfield>
    <subfield code="7">0</subfield>
    <subfield code="8">NFIC</subfield>
    <subfield code="a">KGM</subfield>
    <subfield code="b">KGM</subfield>
    <subfield code="d">2017-02-09</subfield>
    <subfield code="e">BPPD/EN/2016-17/300/24.11.2016/IN339/2.12.2016/4.1.2017</subfield>
    <subfield code="g">565.00</subfield>
    <subfield code="l">0</subfield>
    <subfield code="o">629.8043 KUO</subfield>
    <subfield code="p">B-651601</subfield>
    <subfield code="r">2017-02-09 00:00:00</subfield>
    <subfield code="t">1</subfield>
    <subfield code="v">565.00</subfield>
    <subfield code="y">EN</subfield>
  </datafield>
  <datafield tag="952" ind1=" " ind2=" ">
    <subfield code="0">0</subfield>
    <subfield code="1">0</subfield>
    <subfield code="4">0</subfield>
    <subfield code="7">0</subfield>
    <subfield code="8">NFIC</subfield>
    <subfield code="a">JP</subfield>
    <subfield code="b">JP</subfield>
    <subfield code="d">2017-02-09</subfield>
    <subfield code="e">BPPD/EN/2016-17/300/24.11.2016/IN339/2.12.2016/4.1.2017</subfield>
    <subfield code="g">565.00</subfield>
    <subfield code="l">3</subfield>
    <subfield code="o">629.8043 KUO</subfield>
    <subfield code="p">B-651602</subfield>
    <subfield code="r">2020-09-28 00:00:00</subfield>
    <subfield code="s">2020-09-14</subfield>
    <subfield code="t">1</subfield>
    <subfield code="v">565.00</subfield>
    <subfield code="y">EN</subfield>
  </datafield>
  <datafield tag="952" ind1=" " ind2=" ">
    <subfield code="0">0</subfield>
    <subfield code="1">0</subfield>
    <subfield code="4">0</subfield>
    <subfield code="7">0</subfield>
    <subfield code="8">NFIC</subfield>
    <subfield code="a">ZLS</subfield>
    <subfield code="b">ZLS</subfield>
    <subfield code="d">2017-02-09</subfield>
    <subfield code="e">BPPD/EN/2016-17/300/24.11.2016/IN339/2.12.2016/4.1.2017</subfield>
    <subfield code="g">565.00</subfield>
    <subfield code="l">4</subfield>
    <subfield code="m">2</subfield>
    <subfield code="o">629.8043 KUO</subfield>
    <subfield code="p">B-651603</subfield>
    <subfield code="r">2019-11-13 00:00:00</subfield>
    <subfield code="s">2019-10-01</subfield>
    <subfield code="t">1</subfield>
    <subfield code="v">565.00</subfield>
    <subfield code="y">EN</subfield>
  </datafield>
  <datafield tag="952" ind1=" " ind2=" ">
    <subfield code="0">0</subfield>
    <subfield code="1">0</subfield>
    <subfield code="4">0</subfield>
    <subfield code="7">0</subfield>
    <subfield code="8">NFIC</subfield>
    <subfield code="a">BL3</subfield>
    <subfield code="b">BL3</subfield>
    <subfield code="d">2017-02-09</subfield>
    <subfield code="e">BPPD/EN/2016-17/300/24.11.2016/IN339/2.12.2016/4.1.2017</subfield>
    <subfield code="g">565.00</subfield>
    <subfield code="l">0</subfield>
    <subfield code="o">629.8043 KUO</subfield>
    <subfield code="p">B-651604</subfield>
    <subfield code="r">2017-02-09 00:00:00</subfield>
    <subfield code="t">1</subfield>
    <subfield code="v">565.00</subfield>
    <subfield code="y">EN</subfield>
  </datafield>
  <datafield tag="952" ind1=" " ind2=" ">
    <subfield code="0">0</subfield>
    <subfield code="1">0</subfield>
    <subfield code="4">0</subfield>
    <subfield code="7">0</subfield>
    <subfield code="8">NFIC</subfield>
    <subfield code="a">NR</subfield>
    <subfield code="b">NR</subfield>
    <subfield code="d">2017-02-09</subfield>
    <subfield code="e">BPPD/EN/2016-17/300/24.11.2016/IN339/2.12.2016/4.1.2017</subfield>
    <subfield code="g">565.00</subfield>
    <subfield code="l">0</subfield>
    <subfield code="o">629.8043 KUO</subfield>
    <subfield code="p">B-651605</subfield>
    <subfield code="r">2017-02-09 00:00:00</subfield>
    <subfield code="t">1</subfield>
    <subfield code="v">565.00</subfield>
    <subfield code="y">EN</subfield>
  </datafield>
  <datafield tag="952" ind1=" " ind2=" ">
    <subfield code="0">0</subfield>
    <subfield code="1">0</subfield>
    <subfield code="4">0</subfield>
    <subfield code="7">0</subfield>
    <subfield code="8">NFIC</subfield>
    <subfield code="a">BN</subfield>
    <subfield code="b">BN</subfield>
    <subfield code="d">2017-02-09</subfield>
    <subfield code="e">BPPD/EN/2016-17/300/24.11.2016/IN339/2.12.2016/4.1.2017</subfield>
    <subfield code="g">565.00</subfield>
    <subfield code="l">0</subfield>
    <subfield code="o">629.8043 KUO</subfield>
    <subfield code="p">B-651606</subfield>
    <subfield code="r">2017-02-09 00:00:00</subfield>
    <subfield code="t">1</subfield>
    <subfield code="v">565.00</subfield>
    <subfield code="y">EN</subfield>
  </datafield>
  <datafield tag="952" ind1=" " ind2=" ">
    <subfield code="0">0</subfield>
    <subfield code="1">0</subfield>
    <subfield code="4">0</subfield>
    <subfield code="7">0</subfield>
    <subfield code="8">NFIC</subfield>
    <subfield code="a">BL4</subfield>
    <subfield code="b">BL4</subfield>
    <subfield code="d">2017-02-09</subfield>
    <subfield code="e">BPPD/EN/2016-17/300/24.11.2016/IN339/2.12.2016/4.1.2017</subfield>
    <subfield code="g">565.00</subfield>
    <subfield code="l">3</subfield>
    <subfield code="m">1</subfield>
    <subfield code="o">629.8043 KUO</subfield>
    <subfield code="p">B-651607</subfield>
    <subfield code="r">2020-02-28 00:00:00</subfield>
    <subfield code="s">2020-02-17</subfield>
    <subfield code="t">1</subfield>
    <subfield code="v">565.00</subfield>
    <subfield code="y">EN</subfield>
  </datafield>
  <datafield tag="952" ind1=" " ind2=" ">
    <subfield code="0">0</subfield>
    <subfield code="1">0</subfield>
    <subfield code="4">0</subfield>
    <subfield code="7">0</subfield>
    <subfield code="8">NFIC</subfield>
    <subfield code="a">AV</subfield>
    <subfield code="b">AV</subfield>
    <subfield code="d">2017-05-02</subfield>
    <subfield code="e">BPPD/EN/2016-17/AV/2016-17/466/15.2.2017/569/28.2.2017/ 10.3.2017</subfield>
    <subfield code="g">565.00</subfield>
    <subfield code="l">3</subfield>
    <subfield code="m">1</subfield>
    <subfield code="o">629.8043 KUO</subfield>
    <subfield code="p">B-666222</subfield>
    <subfield code="r">2022-07-06 00:00:00</subfield>
    <subfield code="s">2022-01-11</subfield>
    <subfield code="t">1</subfield>
    <subfield code="v">565.00</subfield>
    <subfield code="w">2017-05-02</subfield>
    <subfield code="y">EN</subfield>
  </datafield>
</record>
